000 01132nam a2200265Ia 4500
001 232.91-THU ma ma (8094)
003 IT-MiSPE
008 171229s9999||||xx |||||||||||||| ||und||
040 _aIT-MiSPE
_cIT-MiSPE
041 _aITALIANO
100 _aMax Thurian
240 _aMarie Mère du Seigneur, figure de l'Eglise
245 0 _aMaria madre del Signore, immagine della Chiesa
250 _a7 rist.
260 _aBrescia
_bMorcelliana
_c1987
300 _a269 p.
_c21 cm
500 _aMariologia
501 _aEdizioni San Paolo srl - Piazza Soncino, 5 - 20092 CINISELLO BALSAMO (MI) (non commercial uses only) ® Copyright 2018
520 _aGiulio Bevilacqua (pref.)
700 _aEmilio Marini
_g(traduzione)
700 _aGiulio Bevilacqua
942 _cBK
957 _71
999 _a9169
_bNO
_g Copie: 1
_c340892
_d340892